Потребительский рынок в системе социально-экономических отношений. Т. 7 (Запись № 11845626)

Подробности
000 -МАРКЕР
контрольное поле 02201nam2a2200313 4500
001 - ИДЕНТИФИКАТОР ЗАПИСИ
контрольное поле RU\NLR\BIBL_A\011469174
005 - ИДЕНТИФИКАТОР ВЕРСИИ
контрольное поле 20250626072854.0
010 ## - МЕЖДУНАРОДНЫЙ СТАНДАРТНЫЙ НОМЕР КНИГИ (ISBN)
Номер (ISBN) 978-5-9907829-3-8
Тираж 1000
021 ## - НОМЕР ГОСУДАРСТВЕННОЙ РЕГИСТРАЦИИ
Код страны Российская Федерация
Номер 2017-60094
Номер Листа государственной регистраци 4254
035 ## - ДРУГИЕ СИСТЕМНЫЕ НОМЕРА
Идентификатор записи (RuMoRGB)008962733
035 ## - ДРУГИЕ СИСТЕМНЫЕ НОМЕРА
Идентификатор записи (NLR Aleph) 011469174
100 ## - ДАННЫЕ ОБЩЕЙ ОБРАБОТКИ
Данные общей обработки 20170911d2014 |||y0rusy50 ca
101 0# - ЯЗЫК РЕСУРСА
Язык текста, звукозаписи и т.д. русский
102 ## - СТРАНА ПУБЛИКАЦИИ ИЛИ ПРОИЗВОДСТВА
Страна публикации Российская Федерация
105 ## - ПОЛЕ КОДИРОВАННЫХ ДАННЫХ: ТЕКСТОВЫЕ МАТЕРИАЛЫ, МОНОГРАФИЧЕСКИЕ
Кодированные данные о монографическом текстовом документе a z 000zy
200 0# - ЗАГЛАВИЕ И СВЕДЕНИЯ ОБ ОТВЕТСТВЕННОСТИ
Основное заглавие Т. 7
Сведения, относящиеся к заглавию [монография
-- сборник статей]
Первые сведения об ответственности Пермский институт (филиал) Федерального государственного бюджетного образовательного учреждения высшего профессионального образования "Российский экономический университет имени Г.В. Плеханова"
210 ## - ПУБЛИКАЦИЯ, РАСПРОСТРАНЕНИЕ И ДР.
Дата издания, распространения и т.д. 2014
Место издания, распространения и т.д. Б. м.
215 ## - ФИЗИЧЕСКАЯ ХАРАКТЕРИСТИКА
Специфическое обозначение материала и объем 224 с.
Другие сведения о физической характеристике ил., табл.
300 ## - ОБЩИЕ ПРИМЕЧАНИЯ
Текст примечания Юбилейный выпуск - 50 лет учебному заведению
320 ## - ПРИМЕЧАНИЯ О НАЛИЧИИ В ДОКУМЕНТЕ БИБЛИОГРАФИИ / УКАЗАТЕЛЯ
Текст примечания Библиогр. в конце ст.
461 #0 - УРОВЕНЬ НАБОРА
Встроенное поле 001RU\NLR\bibl\1424819
-- 2001#$aПотребительский рынок в системе социально-экономических отношений$fПерм. ин-т (фил.) Гос. образоват. учреждения высш. проф. образования "Рос. гос. торгово-экон. ун-т"$gпод ред. Е.В. Гордеевой$vТ. 7
Системный номер (АБИС) связанной записи 1316917
Место публикации Пермь
Дата публикации 2008
Первые сведения об ответственности Перм. ин-т (фил.) Гос. образоват. учреждения высш. проф. образования "Рос. гос. торгово-экон. ун-т"
Имя издателя, распространителя и т.д. От и ДО
Заглавие Потребительский рынок в системе социально-экономических отношений
Номер тома Т. 7
712 02 - НАИМЕНОВАНИЕ ОРГАНИЗАЦИИ - ВТОРИЧНАЯ ОТВЕТСТВЕННОСТЬ
Код отношения Прочие
Начальный элемент ввода Российский экономический университет им. Г. В. Плеханова
Структурное подразделение Пермский институт (филиал)
Системный номер авторитетной/нормативной записи 451105
Идентификатор авторитетной/нормативной записи RU\NLR\AUTH\880392621
852 ## - МЕСТОНАХОЖДЕНИЕ И ШИФР ХРАНЕНИЯ
Идентификатор организации NLR
Шифр хранения (Call Number) 2009-3/12229
942 ## - ДОПОЛНИТЕЛЬНЫЕ ЭЛЕМЕНТЫ ЗАПИСИ (АБИС)
Тип экземпляра АБИС Книга
980 ## - КОЛЛЕКЦИЯ
Название коллекции Национальная библиография
Экземпляры
Тип экземпляра Дата поступления Источник поступления Библиотека постоянного хранения Библиотека текущего хранения Место хранения Шифр хранения Штрих-код Статус экземпляра
Книга 11.09.2017 Обязательный экземпляр РНБ (Московский) РНБ (Московский) Русский книжный фонд: издания с 1957 года 2009-3/12229 1-1987056  
Книга 11.09.2017 Обязательный экземпляр РНБ (Московский) РНБ (Московский) Русский книжный фонд: издания с 1957 года 2009-3/12229 1-1987057